000 00319nam a22001337a 4500
008 170616b xxu||||| |||| 00| 0 eng d
020 _a1873927940
041 _aeng
080 _a32
100 _a20
101 _aSHP
245 _aEDUCATIONAL POLICY BORROWING: HISTORICAL PERPECTIVES
_cPHILLIPS, D
942 _2udc
_cBK
999 _c17905
_d17905